| 000 | 01082nam a2200217 a 4500 | ||
|---|---|---|---|
| 003 | AM-YeHGA | ||
| 040 | _aAM-YeHGA | ||
| 090 | _c508321 | ||
| 001 | 000018433 | ||
| 005 | 20250617163332.0 | ||
| 008 | 030329s |||g||||||||||||||||arm|c | ||
| 041 | 0 | _aarm | |
| 245 | 0 | 0 |
_aԳանձարան հայկական երգերու : _bՁայնագրուած և պատկերազարդ ։ Կը բովանդակէ Ազգային... յեղափոխական... Ժողովրդական... Սիրային... կրօնական... Դպրոցական... Հայաստանեան... բոլոր երգերը / _cՆերածություն՝ Եր. Մսրլեան. |
| 260 |
_aԳահիրէ : _b<<Ոսկետառ>>, _cԱ. թ. |
||
| 300 | _aպրակ. | ||
| 440 | 0 |
_aՈսկետառ _vԹիւ 6 |
|
| 505 | 1 | 0 |
_gԳիրք Ա (128 էջ) _gԳիրք Բ (131 - 248 էջ) _gԳիրք Գ (249 - 368,viii էջ) _gԳիրք Դ (369 - 488 էջ) _gԳիրք Ե (489 - 608 էջ) _gԳիրք Զ (609 - 728էջ) |
| 650 | 1 | 4 |
_aԵրաժշտություն _vերգեր |
| 700 | 1 |
_aՄսրլեան, Եր. _eներած. _4aui |
|
| 942 |
_2udc _cBK |
||
| 999 |
_c504901 _d504901 |
||